Rossini a Kolumbus

Bibliographic Details
Main Author: Podolská, Anna (Author)
Format: Article
Language:Slovak
Subjects:

MARC

LEADER 00000nab a2200000 a 4500
001 vtls000469191
003 SK-MaSNL
005 20260303000715.0
008 120926c1992 xo 0 slo
015 |a SNBRB19rr/mm-uuuuu 
035 |a CL0469324 
040 |a SNKBUCL  |b slo  |c SNKBUCL  |e AACR2 
041 0 |a slo 
044 |a xo  |c SK 
080 |a 78.091.4:782/785  |2 1981 
080 |a 782/785  |2 1981 
100 1 |a Podolská, Anna  |4 aut  |9 952164 
245 1 0 |a Rossini a Kolumbus  |c Anna Podolská 
650 0 7 |a Letný hudobný festival 1992, Ravenna  |2 snkbucl  |9 975207 
655 7 |a články z novín a časopisov  |2 snkbucl  |9 267496 
773 0 |t Smena  |g Roč. 45, č. 259 (3. 11. 1992), s. 4 
850 |a Slovenská národná knižnica v Martine  |a MTA001 
852 |a SNK  |b KIS3GCP 
958 |a RK 
992 |a RBX 
999 |c 1559939  |d 1561869